000 02476 a2200265 4500
001 27437
005 20260407155549.0
008 260407a1963 arg spa d
003 AR-UNSa-BCEJYS
040 _aAR-UNSa-BCEJYS
_bspa
_cAR-UNSa-BCEJYS
080 _a658.5
_xPlanificación y control de la producción
245 1 0 _aPlaneamiento de la producción, inventarios y mano de obra
264 1 _aMéxico :
_bHerrero Hermanos Sucesores
_c1963
300 _a469 p.
_c24 cm.
505 _aParte I: 1. Problemas, métodos y resultados - Parte II: Reglas decisiones para el planeamiento de la producción global y la mano de obra: 2. Reglas de decisiones para el planeamiento de la producción y la mano de obra - 3. Estimación de las relaciones entre costos y producción, mano de obra e inventario - 4. Derivación y cálculo de las normas de decisiones - 5. Aplicación de las normas decisiorias en materia de producción y mano de obra - 6. Decisiones lineales en casos de incertidumbre - 7. Predicción de pedidos globales - 8. Respuestas dinámicas optimas a las fluctuaciones en las ventas - 9. Costo de los errores en la predicción, en el control, en la información y en el cálculo o estimación - Parte III: Pedidos, despacho, producción y compra de artículos individuales: 10. Determinación de la cantidad de producción bajo resticciones de caracter global - 11. Programación periodica de inventario de amortiguación - 12. Planemiento de inventarios con disparador para lotes de tamaño fijo - 13. Tamaño de los lotes e inventarios de amortiguación bajo el sistema del punto de reordenamiento - 14. Predicción de ventas de productos individuales utilizando medias moviles con pesos especificos exponenciales - 15. Distribución probable de los errores de predicción - Parte IV: Diseño de sistema decisiorio: 16. Sistemas decisorios periodicos con disparador - 17. Diseño de sistemas decisorios para almacenes de fabricas - Parte V: Generalización de los métodos decisorios: 18. Métodos generales para la obtención de norma decisorias lineales - 19. Normas decisorias bajo tiempo continuo - 20. Otros métodos para planear la producción en el tiempo.
942 _cBK
590 _aniveau_biblio:m niveau_hierar:0
100 1 _aModigliani, Franco
700 1 _aHolt, Charles C.
700 1 _aBonini, Charles P.
700 1 _aMuth, John F.
700 1 _aWinters, Peter R.
700 1 _aSimon, Herbert A.
700 1 _aRivero Caso, Ramón
999 _c1589
_d1589